Statistiques concernant Paroles - Nekfeu - Tricheur (feat Damso)

Cliquez ici pour prendre le quiz!

Statistiques générales

  • Ce quiz a été pris 556 fois
    (419 depuis la dernière actualisation)
  • Le résultat moyen est 269 sur 497

Statistiques - réponses

Paroles% Correct
Ma
97%
ma
97%
a
96%
à
96%
De
96%
de
96%
je
96%
Je
96%
le
96%
Le
96%
ça
93%
bien
92%
pas
92%
pas,
92%
me
91%
Mama,
90%
mama,
90%
Mama
90%
vie
90%
vie,
90%
ta
89%
tricheur
89%
un
89%
Bientôt
88%
bientôt
88%
change
88%
des
88%
en
88%
J'ai
88%
j'ai
88%
les
88%
Les
88%
Mais
88%
mais
88%
pour
88%
mal
87%
la
87%
87%
La
87%
mal
87%
sa
87%
tout
87%
j'arrête
86%
dire
85%
du
85%
se
85%
Que
84%
que
84%
mon
83%
c'est
81%
C'est
81%
followers,
81%
on
81%
sont
81%
t'as
81%
T'as
81%
compte
80%
Compte
80%
certifié
79%
Entre
79%
entre
79%
fais
79%
R
79%
te
79%
baba,
77%
salopes
77%
disques
76%
maisons
76%
même
76%
fois
75%
avenir
74%
demain
74%
et
74%
Et
74%
deux
71%
erreur
71%
t'en
71%
avances
70%
devine
70%
font
69%
fait
68%
ton
66%
bonhommes,
64%
comme
64%
J'ferai
64%
qu'elles
64%
une
62%
dans
61%
trop
61%
Trop
61%
mégot
60%
parle,
60%
ville
60%
seule
58%
j'écrase
57%
moi
57%
coeur
56%
toi
55%
mort
54%
calvitie
53%
kilos
53%
Niro
53%
J'suis
51%
j'suis
51%
"Sale
50%
sale
50%
sur
50%
ouais ?
49%
Ouais
49%
donc
48%
fille
48%
grammes
48%
T'assumes
48%
courtois,
47%
perdu
47%
qui
47%
Mes
46%
mes
46%
Boum
45%
boum !
45%
elle
45%
Il
45%
nègre !"
45%
pris
44%
Ah
43%
t'es
43%
tes
43%
J'te
42%
bourgeois
41%
J'entends
41%
queue
41%
salue
41%
droit
40%
Loin
40%
nous
38%
nous,
38%
Tous
38%
tous
38%
Donne-moi
37%
ils
37%
ken
37%
l'bendo,
37%
déjà
36%
malfrats
36%
quand
36%
Grand
35%
renfermé
35%
J'me
34%
Bang
33%
bang !
33%
J'l'ai
33%
j'l'ai
33%
l'accoudoir
33%
d'morts
32%
d'weed
32%
beuh
31%
Tu
31%
tu
31%
"voilà
31%
copines
30%
glock
30%
l'acteur"
30%
frère,
29%
maman
29%
qu'ils
29%
baisée
28%
c'était
28%
chagrin
28%
déménageurs
28%
être
28%
l'intérieur
28%
meubles,
28%
peine
28%
Rupture
28%
au
27%
Ceux
27%
frayeur
27%
laptop
27%
première
27%
richesse
27%
connu
26%
d'torts
26%
fils
26%
j'étais
26%
lean,
26%
l'hymen,
26%
lui,
26%
m'fait
26%
Ne-yo
26%
putes
26%
soulever
26%
bois
25%
passé
25%
taquinent
25%
t'arrêtent
25%
enfants
24%
gardait
24%
guerre
24%
jaloux
24%
jours
24%
lisent
24%
noir
24%
ont
24%
petit,
24%
vus
24%
d'ébène
23%
devienne
23%
droits
23%
intérieure
23%
pareil
23%
sec
23%
y
23%
anglais
22%
avant
22%
finir
22%
jeune
22%
tourne
22%
dur
21%
est
21%
main
21%
maitres
21%
nageurs
21%
s'inquiète
21%
d'bitches
20%
parfois
20%
placard,
20%
quoi ?
20%
rappeurs ,
20%
regardés
20%
Séparation
20%
succès,
20%
ans
19%
certains
19%
frères
19%
gars
19%
grandir
19%
l'enfant
19%
loc,
19%
ménages,
19%
parlent
19%
sous
19%
beaufs,
18%
j'avoue
18%
Mouss'
18%
quatre
18%
event
17%
grandis
17%
personne
17%
veux
17%
vigiles
17%
v'nus
17%
ensemble
16%
Notre
16%
qu'on
16%
soeur
16%
up
16%
c'étaient
15%
connaît,
15%
étroites,
15%
pistes
15%
tweeter
15%
voir
15%
cobayes
14%
majeure
14%
non,
14%
Scarface
14%
solide
14%
dette
13%
hier ?
13%
locked
13%
plus
13%
sait
13%
bibi
12%
Chez
11%
crois
11%
depuis
11%
fond,
11%
gasoline
11%
Manny
11%
parles
11%
enquête
10%
m'inquiète,
10%
Paname
9%
parler
9%
ventriloques
9%
fesses
8%
pépinière
8%
fraiche,
6%
keufs
6%
schneck
6%
vendre
6%
gros
4%
l'ami
4%
moyen
4%
cul
3%
d'un
3%
express,
3%
faible,
3%
lascar
3%
mec
3%
mec,
3%
m'faut
3%
pourraient
3%
d'avoir
2%
gavas,
2%
j'baise
2%
J'serai
2%
sèche,
2%
vroum
2%
Vroum,
2%
break
1%
d'braise
1%
plavs
1%
traitres,
1%
hâte
0%
tieks
0%

Distribution des résultats

Percentile par nombre de réponses

% des personnes avec chaque résultat

Votre développement - résultats

Vous n’avez pas pris ce quiz depuis la dernière actualisation